|
|
|
|
| LEADER |
00983cam a2200361 i 4500 |
| 001 |
000049203 |
| 003 |
8938 |
| 005 |
20051111142744.0 |
| 008 |
010320b1998 vm 000 eng |
| 020 |
|
|
|a 1861522126
|
| 040 |
|
|
|a IRC
|c IRC
|d IRC
|
| 041 |
0 |
|
|a eng
|
| 082 |
1 |
4 |
|a 658.152
|b HO-P
|
| 100 |
1 |
|
|a Holmes, Phil,
|d 1957-
|
| 245 |
0 |
0 |
|a Investment appraisal /
|c Phil Holmes.
|
| 260 |
|
|
|a London :
|b International Thomson Business,
|c 1998.
|
| 300 |
|
|
|a viii, 160 p. :
|b ill. ;
|c 24.5cm.
|
| 630 |
0 |
4 |
|a Accounting.
|
| 630 |
0 |
4 |
|a Finance.
|
| 630 |
0 |
4 |
|a Business enterprises.
|
| 650 |
0 |
4 |
|a Business enterprises
|x Finance
|x Case studies.
|
| 650 |
0 |
4 |
|a Business enterprises
|x Finance
|x Decision making.
|
| 650 |
0 |
4 |
|a Investments
|x Management.
|
| OWN |
|
|
|a DUT
|
| 999 |
|
|
|a From the UDN01
|
| TYP |
|
|
|a Monograph
|
| TYP |
|
|
|a Printed language
|
| 980 |
|
|
|a Mạng thư viện Đại học Đà Nẵng
|